LEADER 03744nam 2200685 450 001 9910480550703321 005 20170919173147.0 010 $a90-04-29966-1 024 7 $a10.1163/9789004299665 035 $a(CKB)3710000000631231 035 $a(EBL)4514043 035 $a(SSID)ssj0001662951 035 $a(PQKBManifestationID)16432398 035 $a(PQKBTitleCode)TC0001662951 035 $a(PQKBWorkID)14972665 035 $a(PQKB)10318981 035 $a(PQKBManifestationID)16447915 035 $a(PQKB)23845055 035 $a(MiAaPQ)EBC4514043 035 $a(OCoLC)948670525$z(OCoLC)918997479$z(OCoLC)950463941 035 $a(nllekb)BRILL9789004299665 035 $a(EXLCZ)993710000000631231 100 $a20160502d2016 uy 0 101 0 $aeng 135 $aur|n|---||||| 181 $ctxt 182 $cc 183 $acr 200 10$aGlobalization and the colonial origins of the great divergence $eintercontinental trade and living standards in the Dutch East India Company's commercial empire, c. 1600-1800 /$fby Pim de Zwart 210 1$aLeiden ;$aBoston :$cBrill,$d[2016] 215 $a1 online resource (300 p.) 225 1 $aGlobal economic history series ;$vv. 11 300 $aDescription based upon print version of record. 311 $a90-04-29965-3 320 $aIncludes bibliographical references and index. 327 $aPreliminary Material -- Introduction -- Early Modern Globalization -- Prices and Consumption Patterns -- Wages and the Standard of Living -- Population, Households and Labour Markets -- Conclusion -- Appendix 1: Weights and Measures -- Appendix 2: Coins and Silver Values -- Appendix 3: Kcal and Protein -- Appendix 4: Creating the Price Series -- Appendix 5: An Alternative Method for Dealing with Gaps in the Price Data -- Appendix 6: The Wage Data -- Appendix 7: Estimating Population Trends for Ceylon -- Appendix 8: Occupational Structure of Ceylon -- Bibliography -- Index. 330 $aIn Globalization and the Colonial Origins of the Great Divergence Pim de Zwart examines the Dutch East India Company?s intercontinental trade and its effects on living standards in various regions on the edges of the Indian Ocean in the seventeenth and eighteenth centuries. Contrary to conventional views, De Zwart finds significant evidence of the integration of global commodity markets, an important dimension of globalization, before the 1800s. The effects of this globalization, and the associated colonialism, were diverse and could vary between and within regions. As globalization and colonialism affected patterns of economic development across the globe they played a part in the rise of global economic inequality, known as the ?Great Divergence?, in the early modern period. 410 0$aGlobal Economic History Series$v11. 606 $aCost and standard of living$xHistory 606 $aConsumption (Economics)$xHistory 606 $aGlobalization$xEconomic aspects 606 $aConsumption (Economics)$2fast 606 $aCost and standard of living$2fast 606 $aGlobalization$xEconomic aspects$2fast 608 $aHistory.$2fast 608 $aElectronic books. 615 0$aCost and standard of living$xHistory. 615 0$aConsumption (Economics)$xHistory. 615 0$aGlobalization$xEconomic aspects. 615 7$aConsumption (Economics) 615 7$aCost and standard of living. 615 7$aGlobalization$xEconomic aspects. 676 $a330.916506 700 $aDe Zwart$b Pim$0861452 801 0$bNL-LeKB 801 1$bNL-LeKB 906 $aBOOK 912 $a9910480550703321 996 $aGlobalization and the colonial origins of the great divergence$91922525 997 $aUNINA LEADER 02949oam 2200613Ma 450 001 9910788191203321 005 20230801231808.0 010 $a0-429-09726-3 010 $a1-138-07524-8 010 $a1-4398-5371-1 010 $a1-4665-5641-2 035 $a(CKB)2670000000593885 035 $a(EBL)1449518 035 $a(SSID)ssj0001459856 035 $a(PQKBManifestationID)12567825 035 $a(PQKBTitleCode)TC0001459856 035 $a(PQKBWorkID)11465109 035 $a(PQKB)10978262 035 $a(MiAaPQ)EBC1449518 035 $a(MiAaPQ)EBC4744254 035 $a(Au-PeEL)EBL1449518 035 $a(CaPaEBR)ebr11166354 035 $a(OCoLC)908077937 035 $a(OCoLC)1080584759 035 $a(OCoLC-P)1080584759 035 $a(FlBoTFG)9780429097263 035 $a(EXLCZ)992670000000593885 100 $a20190103d2012 uy 0 101 0 $aeng 135 $aur|n||||||||| 181 $ctxt 182 $cc 183 $acr 200 10$aResistance welding $efundamentals and applications /$fHongyan Zhang and Jacek Senkara 205 $aSecond edition. 210 $aBoca Raton, FL $cCRC Press$dİ2012 215 $a1 online resource (465 p.) 300 $aDescription based upon print version of record. 311 $a1-322-63353-3 311 $a1-4665-1158-3 320 $aIncludes bibliographical references at the end of each chapters. 327 $aFront Cover; Contents; Preface; Authors; Chapter 1 - Welding Metallurgy; Chapter 2 - Electrothermal Processes of Welding; Chapter 3 - Weld Discontinuities; Chapter 4 - Mechanical Testing; Chapter 5 - Resistance Welding Process Monitoring and Control; Chapter 6 - Weld Quality and Inspection; Chapter 7 - Expulsion in Resistance Spot Welding; Chapter 8 - Influence of Mechanical Characteristics of Welding Machines; Chapter 9 - Numerical Simulation in Resistance Spot Welding; Chapter 10 - Statistical Design, Analysis, and Inference in Resistance Welding Research; Back Cover 330 $a""The second edition has made a great book even better. It remains a significant, practical aid to anyone interested in a better understanding of resistance welding science and it should be considered for their library.""-Welding Journal, February 2013Praise for the First Edition:""The chapters are easy to comprehend, and the topics are presented in a 'big picture' basis. ... General concepts are the highlight. ... There are 20 to 40 references at the end of each chapter, and most of the chapters begin with a good literature, which then allows this book to be used as an introduction to welding at 606 $aElectric welding 615 0$aElectric welding. 676 $a671.5/213 700 $aZhang$b Hongyan$f1962-$01473902 701 $aSenkara$b Jacek$01473903 801 0$bOCoLC-P 801 1$bOCoLC-P 906 $aBOOK 912 $a9910788191203321 996 $aResistance welding$93687255 997 $aUNINA